[Event "World Blitz Women 2016"]
[Site "Doha QAT"]
[Date "2016.12.30"]
[Round "17.14"]
[White "Gvetadze, Sofio"]
[Black "Ovezdurdiyeva, Jemal"]
[Result "1-0"]
[WhiteTitle "IM"]
[BlackTitle "WFM"]
[WhiteElo "2283"]
[BlackElo "2080"]
[WhiteFideId "13601440"]
[BlackFideId "14001888"]
[EventDate "2016.12.29"]

1. e4 c5 2. Nf3 d6 3. c3 Nf6 4. Be2 g6 5. O-O Bg7 6. Re1 O-O 7. Bf1 Nc6 8. d3 b6
9. Nbd2 Ba6 10. Qc2 Nd7 11. Nc4 Bxc4 12. dxc4 Nde5 13. Nd2 f5 14. exf5 Rxf5 15.
Ne4 Qd7 16. Ng3 Rff8 17. h3 e6 18. Be3 Ne7 19. Rad1 Rad8 20. Bg5 Rf7 21. Ne4 d5
22. Bh4 Rdf8 23. Bg3 N7c6 24. cxd5 exd5 25. Ng5 Rf5 26. f4 h6 27. fxe5 Rxg5 28.
e6 Qe7 29. Bh4 Ne5 30. Kh1 Qxe6 31. Bxg5 hxg5 32. Qd2 Rd8 33. Qxg5 d4 34. Qxd8+ 1-0

[Event "World Blitz Women 2016"]
[Site "Doha QAT"]
[Date "2016.12.30"]
[Round "17.16"]
[White "Sloan, Julia Elizabeth"]
[Black "Khademalsharieh, Sarasadat"]
[Result "0-1"]
[WhiteTitle "CM"]
[BlackTitle "IM"]
[WhiteElo "2173"]
[BlackElo "2438"]
[WhiteFideId "2018950"]
[BlackFideId "12512214"]
[EventDate "2016.12.29"]

1. d4 Nf6 2. c4 e6 3. Nc3 Bb4 4. e3 c5 5. Ne2 cxd4 6. exd4 O-O 7. a3 Be7 8. d5
exd5 9. cxd5 Re8 10. Be3 b6 11. h3 Bc5 12. Nd4 Bb7 13. b4 Bf8 14. Bc4 Qc7 15.
Qd3 Rc8 16. Rc1 Qxc4 17. Qf5 Qc7 18. Bg5 Qd8 19. O-O h6 20. Bh4 d6 21. Ne4 Nbd7
22. Nb5 Rxc1 23. Rxc1 g5 24. Bg3 Nxe4 25. Qxe4 Nf6 26. Qd4 Nxd5 27. Rc7 Nxc7 0-1

[Event "World Blitz Women 2016"]
[Site "Doha QAT"]
[Date "2016.12.30"]
[Round "17.17"]
[White "Hallaeva, Bahar"]
[Black "Arabidze, Meri"]
[Result "0-1"]
[WhiteTitle "WFM"]
[BlackTitle "IM"]
[WhiteElo "2112"]
[BlackElo "2379"]
[WhiteFideId "14000679"]
[BlackFideId "13604040"]
[EventDate "2016.12.29"]

1. e4 c5 2. c3 d5 3. exd5 Qxd5 4. d4 Nf6 5. Nf3 Bf5 6. Be2 e6 7. Be3 cxd4 8.
cxd4 Bxb1 9. Qxb1 Bb4+ 10. Kf1 O-O 11. a3 Bd6 12. g3 Nc6 13. Kg2 Rac8 14. Rd1
Na5 15. b4 Nc4 16. Rc1 b5 17. Qb3 Rc7 18. a4 a6 19. axb5 axb5 20. Bxc4 bxc4 21.
Qb2 Rb8 22. Bd2 Ne4 23. Be1 Ng5 24. Qe2 h6 25. Rab1 Ne4 26. Qa2 g5 27. h3 h5 28.
Kf1 g4 29. hxg4 hxg4 30. Ng1 f5 31. Qe2 c3 32. Qe3 c2 33. Rb2 Rbc8 34. Qe2 Qxd4
35. Rbxc2 Rxc2 36. Rxc2 Rb8 37. Rb2 Kf7 38. Qc2 Kf6 39. Qc1 Qd3+ 0-1